| 000 | 01136nam0a2200325 4500 | ||
|---|---|---|---|
| 001 | RU\NLR\BIBL_A\012148887 | ||
| 005 | 20191216100812.0 | ||
| 010 |
_a978-5-17-110032-2 _910000 |
||
| 021 |
_aRU _bКН-П-19-081089 _9КН-П-19-5890 |
||
| 035 | _a(NLR Aleph) 012148887 | ||
| 035 | _a(RuMoRGB)010135016 | ||
| 090 |
_a12137553 _c12137553 |
||
| 100 | _a20191128d2019 u y0rusy50 ca | ||
| 101 | 1 |
_arus _cfre |
|
| 102 | _aRU | ||
| 105 | _ay|||z|||000ay | ||
| 200 | 1 |
_aИсчезновение Стефани Мейлер _eроман _fЖоэль Диккер _gперевод с французского Ирины Стаф |
|
| 210 |
_aМосква _cАСТ _cCorpus _d2019 |
||
| 215 |
_a669, [1] с. _d22 |
||
| 309 | _aНа корешке и в вып. дан.: 542 | ||
| 320 | _aДр. кн. авт. на обл. | ||
| 333 | _a16+ | ||
| 686 | 1 | _aШ6(4Ш)267-446{Лх1410} | |
| 700 | 1 |
_7ca _8rus _aДиккер _bЖ. _f1985- _gЖоэль _9179495 _3RU\NLR\AUTH\770179546 |
|
| 942 | _cBOOK | ||
| 980 | _aNBR | ||
| 980 | _aNB | ||
| 996 |
_aметка _bnar |
||